000 00359nam a2200157Ia 4500
003 OSt
008 191201s2009 xx 000 0 und d
082 _a922.945
_bAHE
100 _aAHUJA,ML
245 0 _aEminent Indians: Saints and Sages
250 _a3rd IMP
260 _aNew Delhi
_bRupa and Co
_c2009
300 _a122
650 _aBBA
942 _2ddc
_cBK
999 _c4470
_d4470